GETS Theological Seminary Library

Tradition and life in the church: (Record no. 2959)

MARC details
000 -LEADER
fixed length control field 00557nam a2200169Ia 4500
008 - FIXED-LENGTH DATA ELEMENTS--GENERAL INFORMATION
fixed length control field 200812s9999 xx 000 0 und d
041 ## - LANGUAGE CODE
Language code of text/sound track or separate title eng
Language code of original ger
050 ## - LIBRARY OF CONGRESS CALL NUMBER
Classification number BR155
Item number .C194 1968
100 ## - MAIN ENTRY--PERSONAL NAME
Personal name Campenhausen,Hans von
245 ## - TITLE STATEMENT
Title Tradition and life in the church:
Remainder of title essays and lectures in church history /
Statement of responsibility, etc. Hans von Campenhausen; translated by A. V. Littledale
260 ## - PUBLICATION, DISTRIBUTION, ETC.
Place of publication, distribution, etc. Philadelphia :
Name of publisher, distributor, etc. Fortress Press,
Date of publication, distribution, etc. 1968
300 ## - PHYSICAL DESCRIPTION
Extent 254 p.
Other physical details ;
Dimensions 23 cm.
650 ## - SUBJECT ADDED ENTRY--TOPICAL TERM
Topical term or geographic name entry element Christianity.
650 ## - SUBJECT ADDED ENTRY--TOPICAL TERM
Topical term or geographic name entry element Church history.
700 ## - ADDED ENTRY--PERSONAL NAME
Personal name Littledale, A. V
Holdings
Withdrawn status Lost status Damaged status Not for loan Home library Current library Shelving location Date acquired Total Checkouts Full call number Barcode Date last seen Price effective from Koha item type
        GETS Theological Seminary Library GETS Theological Seminary Library General Stacks 08/12/2020   BR155 .C194 1968 00001840 08/12/2020 08/12/2020 English Books
OpacCredits

Contact the Librarian, GETS Library
Email: library@mygets.org









Implemented by GETS Library
(Powered by ETCA Professional Group)
GETS Theological Seminary
412 E. Rowland Street, CA 91723